| 000 | 00839 a2200193 4500 | ||
|---|---|---|---|
| 999 |
_c9428 _d9428 |
||
| 020 | _a9781405177870 | ||
| 050 | 0 | 0 | _aK 3981 MAK 2012 |
| 245 | 0 | 0 |
_aEnvironmental and energy law / _cedited by Karen E. Makuch ( Lecturer in Environmental & Energy Law centre for Environmental Policy Imperial College London) and Ricardo Pereira ( Lecturer in Environmental & energy Law centre for Environmental Policy Imperial College London) |
| 264 | 1 |
_aWest Sussex : _bWiley-Blackwell, _c2012 |
|
| 300 |
_a651p.: _bill. |
||
| 500 | _aIncludes index | ||
| 504 | _aIncludes bibliographical references. | ||
| 650 | 0 | _aEnvironmental law. | |
| 650 | 0 |
_aEnergy industries _xLaw and legislation. |
|
| 650 | 0 |
_aPower resources _xLaw and legislation. |
|
| 700 | 1 |
_aMakuch ,Karen E. _eeditor. |
|
| 700 | 1 |
_aPereira, Ricardo _eeditor. |
|
| 942 |
_2lcc _cBK _h3981 _iMAK _kK |
||